000 00657nam a22002177u 4500
001 pwiiw3320
003 OSt
005 20260517120329.0
008 011210t2001 au ||||| |||| 00| ||eng d
040 _cOSt
041 _aeng
100 1 _aChristie, Edward
245 1 0 _aPotential Trade in Southeast Europe: A Gravity Model Approach
260 _aWien :
_bWiener Institut für Internationale Wirtschaftsvergleiche (wiiw),
_c2001.
490 1 _awiiw Balkan Observatory Working Papers
_v11
520 _a
651 _aSEE
830 0 _v11
_wWIIW0000140
_twiiw Balkan Observatory Working Papers
856 4 0 _uhttps://wiiw.ac.at/p-3320.html
942 _cP
_2z
999 _c8778
_d8778